Central Library and Information Centre
Sibsagar Girls' College, Sivasagar : Assam

GENETIC ENGINEERING : AND ITS APPLICATIONS (Record no. 15062)

MARC details
000 -LEADER
fixed length control field 00375cam a2200157ua 4500
008 - FIXED-LENGTH DATA ELEMENTS--GENERAL INFORMATION
fixed length control field 190403n2007 II |||gr||||Z||||||eng
040 ## - CATALOGING SOURCE
Original cataloging agency MAIN
041 ## - LANGUAGE CODE
-- English
082 ## - DEWEY DECIMAL CLASSIFICATION NUMBER
Classification number 660.65 JOS
100 ## - MAIN ENTRY--PERSONAL NAME
Personal name JOSHI , PREETI .
245 ## - TITLE STATEMENT
Title GENETIC ENGINEERING : AND ITS APPLICATIONS
260 ## - PUBLICATION, DISTRIBUTION, ETC.
Place of publication, distribution, etc. JODHPUR
Name of publisher, distributor, etc. AGROBIOS
Date of publication, distribution, etc. 2007
300 ## - PHYSICAL DESCRIPTION
Extent 313:
Dimensions 22CM.
942 ## - ADDED ENTRY ELEMENTS (KOHA)
Koha item type Books
Holdings
Withdrawn status Lost status Damaged status Not for loan Collection code Home library Current library Shelving location Date acquired Full call number Barcode Date last seen Copy number Price effective from Koha item type Public note
        TBZOO Central Library and Information Centre Sibsagar Girls College Central Library and Information Centre Sibsagar Girls College ZOOLOGY BOOK RACK 13.07.2008 660.65 JOS 23372 27.02.2020 1 27.02.2020 Books V


Sibsagar Girl's College © 2020. All rights reserved.
Powered by Koha.
Maintained by Abhijit Borpuzari.